000 00563nam a2200181Ia 4500
008 190805s9999||||xx |||||||||||||| ||und||
020 _a9789350719770
_cRs. 625.00
082 0 4 _a346.54066
_bK1419
100 1 _aKapoor, G. K.
245 1 0 _aCompany Law: a comprehensive textbook on Companies Act 2013 /
_cG. K. Kapoor and Sanjay Dhamija
250 _a19th ed.
260 _aNew Delhi :
_bTaxman Publications,
_c2016
300 _a654 p.
_b :
_c;
650 0 _aCorporation law
_vTextbooks
700 1 _aDhamija, Sanjay
942 _cBK
999 _c171
_d171